000 00758cam a2200217 4500
008 090401t1991 xxu||||| |||| 00| 0 eng d
020 _a0853081816
035 _a(Sirsi) u23170
041 _aeng
050 _a346.4104343
100 _aFreedman, Philip
245 4 _aThe Law Society Standard Business Lease: a draftman`s guide.
260 _aBristol
_bJordans
_c1991
300 _avii,134p. ; 24cm.
350 _a17.5
520 _aExamines the Standard Lease for the whole and part of a building clause by clause and then provides a collection of precedents for clauses varying the the Standard Lease and model letters.
650 _aBUSINESS TENANCIES
690 _aLANDLORD AND TENANT-BUSINESS TENANCIES
942 _n0
948 _c04/03/1997
999 _c88337
_d88337